Caricamento...

Business communication

Dettagli Bibliografici
Autore principale: Madhukar, R K
Natura: Printed Book
Pubblicazione: Vikas Publishing House Pvt .Ltd., New Delhi 2011
Soggetti:
LEADER 00488nam a2200157 4500
082 |a R 658.45 MAD-B2 
100 |a Madhukar, R K 
245 |a Business communication  |c Madhukar, R K 
250
260 |a Vikas Publishing House Pvt .Ltd., New Delhi  |c 2011 
300 |a 427 p 
490
650 |a Communication in management 
942 |c BK 
999 |c 128858  |d 128858 
952 |0 0  |1 0  |4 0  |6 R_658_450000000000000_MADB2  |7 0  |9 142320  |a COM  |b COM  |l 0  |o R 658.45 MAD-B2  |p COM06017  |r 2019-10-24  |w 2019-10-24  |y BK